| 000 | 00627nam a2200205 a 4500 | ||
|---|---|---|---|
| 005 | 20140310183533.0 | ||
| 008 | 110926s19uu xx 00 eng d | ||
| 020 | _a978-971-27-2292-9 | ||
| 050 |
_aPR 9550.6 _b.B149 2010 |
||
| 245 |
_aBaguio Calligraphy. / _cMacansantos. Francis; Maranan, Luchie B. (editors) |
||
| 260 |
_aPasig City, Philippines: _bAnvil, _cc2010. |
||
| 300 |
_a145 p. : _c22 cm. |
||
| 650 | _aPhilippine poetry (English). | ||
| 650 | _aFilipino poetry. | ||
| 700 | _aMacansantos. Francis | ||
| 700 | _aMaranan, Luchie B. (editors) | ||
| 942 |
_cBK _2lcc _kLOC |
||
| 999 |
_c24666 _d24666 |
||